000 00510nam a2200253Ia 4500
001 066548
003 YMCAF
005 20230512160359.0
008 100717s1976 ||||||||||||||||| ||und|d
020 _a-
024 _a66548
035 _a6011
040 _aYMCAF
_beng
_cIN-KoLT
041 _aeng
082 _a621.381
_bTED
100 _aTEDESCHI, F P
245 0 _aSOLID STATE ELECTRONICS
250 _a-
260 _b-
_c1976
300 _a204
653 _a-
653 _a-
942 _2ddc
_cBK
999 _c4071
_d4071